| 000 | 00550cam a22002051 4500 | ||
|---|---|---|---|
| 001 | he 67000536 | ||
| 003 | DLC | ||
| 005 | 20260227111445.0 | ||
| 008 | 840307s1958 is j 000 0 heb | ||
| 010 | _ahe 67000536 | ||
| 035 | _a(OCoLC)19155444 | ||
| 040 |
_aDLC _cMH _dDLC |
||
| 042 | _apremarc | ||
| 050 | 0 | 0 |
_aPJ5053.G473 _bE4 |
| 100 | 1 | _aGilead, Zerubavel. | |
| 245 | 1 | 0 |
_aEgel-ṭal : _bshirim li-yeladim. |
| 260 |
_a[Tel Aviv] : _bha-Ḳibuts ha-meʼuḥad, _c718 [1958] |
||
| 300 |
_a39 p. : _bill. ; _c25 cm. |
||
| 752 |
_aIsrael _dTel Aviv |
||
| 999 |
_c32241 _d32241 |
||